00270nam a22000977a 4500008004100000082001500041100000800056245007800064260002200142300000800164230621b xxu||||| |||| 00| 0 eng d a328.3bCPA cCPA aReport of the Commonwealth Parliamentary Association for the year 1981-82 aLondonbCPAc1982 a69p